000 01598nam a2200457 c 4500
001 53118
003 ES-MaCES
005 20250203133003.0
007 cr |||||||||||
008 240320s2023 sp 000 | spa d
017 _aBI 00815-2023
_bDL
020 _a9788492937967
040 _aES-MaCES
_bspa
_cES-MaCES
100 1 _940976
_aCatalán Piera, Alba
245 1 0 _a Dimensiones económicas de la longevidad
_b: evidencia del caso español
_cAlba Catalán Piera, Joaquín Maudos Villarroya
250 _a1ª ed
260 _aBilbao
_bFundación BBVA
_c2023
300 _a297 p.
_c24 cm
_e1 documento pdf (4,78 mb)
504 _aBibliografía: p. 279-286
541 _cGratuito
650 4 _aenvejecimiento de la población
_930614
650 4 _apersonas de edad avanzada
_928521
650 4 _acondiciones de vida
_927111
650 4 _agastos
_929793
650 4 _aevaluación del impacto
_930732
650 4 _aconsecuencias económicas
_927082
650 4 _amercado de trabajo
_928292
650 4 _aempleo
_928299
650 4 _acreación de empleos
_929242
650 4 _aactividades generadoras de ingresos
_929650
650 4 _aasistencia a las personas de edad avanzada
_927061
650 4 _acuidados de larga duración
_930677
650 4 _aEspaña
_926964
650 4 _aanálisis económico
_927070
653 1 0 _aEmpleo
700 1 _aMaudos Villarroya, Joaquín
_936700
710 2 _aFundación BBVA
_eed.
_93766
856 4 _uhttp://biblioteca.ces.es/repintra/B53118.pdf
_ytexto completo
_z[intranet]
902 _aLIB Libro
942 _2CES
_cBK
_h2.1.
999 _c53118
_d53118